000 00465nam a2200193 a 4500
001 2572
003 CO-ViMGA
008 141112s2004 ck r 000 u spa d
040 _aCO-ViMGA
_bspa
_cCO-ViMGA
082 0 4 _aCh 863.44 E281o
100 1 _aEdwards, Jorge
_951551
245 1 0 _aEl origen del mundo
250 _a3a
260 _aBarcelona :
_bTusquets,
_c1996
300 _a166 p
490 _aAndanzas, 277
650 1 4 _aNOVELA CHILENA
942 _2ddc
_cBK
999 _c14649
_d14649